第24回参議院議員通常選挙当選者 - Statistics

General Stats
  • This quiz has been taken 9 times
  • The average score is 13 of 121
Answer Stats
選挙区 党派 Answer % Correct
東京 民進党 蓮舫
86%
北海道 民進党 徳永エリ
43%
秋田 自民党 石井浩郎
43%
千葉 民進党 小西博之
43%
東京 共産党 山添拓
43%
東京 民進党 小川敏夫
43%
愛知 民進党 伊藤孝恵
43%
兵庫 公明党 伊藤孝江
43%
比例代表 社民党 福島瑞穂
43%
北海道 自民党 長谷川岳
29%
北海道 民進党 鉢呂吉雄
29%
岩手 無所属 木戸口英司
29%
宮城 民進党 桜井充
29%
山形 無所属 舟山康江
29%
福島 民進党 増子輝彦
29%
東京 公明党 竹谷とし子
29%
東京 自民党 朝日健太郎
29%
新潟 無所属 森裕子
29%
長野 民進党 杉尾秀哉
29%
京都 民進党 福山哲郎
29%
岡山 自民党 小野田紀美
29%
沖縄 無所属 伊波洋一
29%
比例代表 共産党 田村智子
29%
青森 民進党 田名部匡代
14%
栃木 自民党 上野通子
14%
群馬 自民党 中曽根弘文
14%
埼玉 自民党 関口昌一
14%
埼玉 民進党 大野元裕
14%
埼玉 公明党 西田実仁
14%
千葉 自民党 猪口邦子
14%
千葉 自民党 元榮太一郎
14%
東京 自民党 中川雅治
14%
神奈川 自民党 三原じゅん子
14%
神奈川 公明党 三浦信祐
14%
神奈川 自民党 中西健治
14%
富山 自民党 野上浩太郎
14%
静岡 民進党 平山佐知子
14%
大阪 自民党 松川るい
14%
大阪 おおさか維新の会 高木佳保里
14%
兵庫 自民党 末松信介
14%
兵庫 おおさか維新の会 片山大介
14%
鳥取島根 自民党 青木一彦
14%
広島 民進党 柳田稔
14%
山口 自民党 江島潔
14%
比例代表 自民党 山谷えり子
14%
比例代表 民進党 小林正夫
14%
比例代表 民進党 濱口誠
14%
比例代表 民進党 矢田稚子
14%
比例代表 民進党 有田芳生
14%
比例代表 民進党 那谷屋正義
14%
比例代表 共産党 大門実紀史
14%
比例代表 共産党 武田良介
14%
比例代表 おおさか維新の会 石井苗子
14%
比例代表 生活の党 青木愛
14%
茨城 自民党 岡田広
0%
茨城 民進党 郡司彰
0%
神奈川 民進党 真山勇一
0%
山梨 民進党 宮沢由佳
0%
石川 自民党 岡田直樹
0%
福井 自民党 山崎正昭
0%
岐阜 自民党 渡辺猛之
0%
静岡 自民党 岩井茂樹
0%
愛知 自民党 藤川政人
0%
愛知 民進党 斎藤嘉隆
0%
愛知 公明党 里見隆治
0%
三重 民進党 芝博一
0%
滋賀 自民党 小鑓隆史
0%
京都 自民党 二之湯智
0%
大阪 おおさか維新の会 浅田均
0%
大阪 公明党 石川博崇
0%
奈良 自民党 佐藤啓
0%
和歌山 自民党 鶴保庸介
0%
広島 自民党 宮澤洋一
0%
徳島高知 自民党 中西祐介
0%
香川 自民党 磯崎仁彦
0%
愛媛 自民党 山本順三
0%
福岡 民進党 古賀之士
0%
福岡 自民党 大家敏志
0%
福岡 公明党 高瀬弘美
0%
佐賀 自民党 福岡資麿
0%
長崎 自民党 金子原二郎
0%
熊本 自民党 松村祥史
0%
大分 民進党 足立信也
0%
宮崎 自民党 松下新平
0%
鹿児島 自民党 野村哲郎
0%
比例代表 自民党 徳茂雅之
0%
比例代表 自民党 青山繁晴
0%
比例代表 自民党 片山さつき
0%
比例代表 自民党 中西哲
0%
比例代表 自民党 今井絵理子
0%
比例代表 自民党 足立敏之
0%
比例代表 自民党 藤木眞也
0%
比例代表 自民党 自見英子
0%
比例代表 自民党 進藤金日子
0%
比例代表 自民党 髙階恵美子
0%
比例代表 自民党 山田宏
0%
比例代表 自民党 藤井基之
0%
比例代表 自民党 阿達雅志
0%
比例代表 自民党 宇都隆史
0%
比例代表 自民党 小川克巳
0%
比例代表 自民党 宮島喜文
0%
比例代表 自民党 水落敏栄
0%
比例代表 自民党 園田修光
0%
比例代表 民進党 川合孝典
0%
比例代表 民進党 難波奨二
0%
比例代表 民進党 江崎孝
0%
比例代表 民進党 石橋通宏
0%
比例代表 民進党 藤末健三
0%
比例代表 民進党 白眞勲
0%
比例代表 公明党 長沢広明
0%
比例代表 公明党 秋野公造
0%
比例代表 公明党 横山信一
0%
比例代表 公明党 熊野正士
0%
比例代表 公明党 谷合正明
0%
比例代表 公明党 浜田昌良
0%
比例代表 公明党 宮崎勝
0%
比例代表 共産党 市田忠義
0%
比例代表 共産党 岩渕友
0%
比例代表 おおさか維新の会 片山虎之助
0%
比例代表 おおさか維新の会 渡辺喜美
0%
比例代表 おおさか維新の会 石井章
0%
No matching quizzes found
Score Distribution
Percent of People with Each Score
Percentile by Number Answered
Your Score History
You have not taken this quiz